书目信息 |
| 题名: |
明末四公子
|
|
| 作者: | 高扬 著 | |
| 分册: | ||
| 出版信息: | 华夏出版 2008.03 |
|
| 页数: | 116页 | |
| 开本: | 20cm | |
| 丛书名: | ||
| 单 册: | ||
| 中图分类: | I247.7 | |
| 科图分类: | ||
| 主题词: | 小说--中国 | |
| 电子资源: | ||
| ISBN: | 978-7-5080-4563-4 | |
| 000 | 00583nam0 2200229 45 | |
| 001 | 0940525566 | |
| 005 | 20091022111600.06 | |
| 010 | @a978-7-5080-4563-4@dCNY15.00 | |
| 100 | @a20090515d2008 ekmy0 y0120 ea | |
| 102 | @aCN@b130000 | |
| 102 | @aCN@b110000 | |
| 105 | @ay z 000yy | |
| 200 | 1 | @a明末四公子@f高扬著@Fgao yang zhu |
| 210 | @c华夏出版@d2008.03 | |
| 210 | @a北京@c华夏出版社 | |
| 215 | @a116页@d20cm | |
| 606 | 0 | @a小说@x中国 |
| 690 | @aI247.7@v4 | |
| 701 | 0 | @a高扬@Agao yang@4著 |
| 801 | 0 | @aCN@c20091022 |
| 905 | @a10447@dI247.7@eG2021 | |
| 906 | @d15@n3@r1 | |
| 明末四公子/高扬著.-华夏出版,2008.03.-北京:华夏出版社 |
| 116页;20cm |
| ISBN 978-7-5080-4563-4:CNY15.00 |
| ● |
| 相关链接 |
|
|
|
正题名:明末四公子
索取号:I247.7/G2021
 
预约/预借
| 序号 | 登录号 | 条形码 | 馆藏地/架位号 | 状态 | 备注 |
| 1 | 659605 | 206596058 | 文学库108/108文学库 59排1列2层/ [索取号:I247.7/G2021] | 在馆 | |
| 2 | 659606 | 206596067 | 文学库108/108文学库 59排1列2层/ [索取号:I247.7/G2021] | 在馆 | |
| 3 | 659607 | 206596076 | 文学库108/108文学库 59排1列2层/ [索取号:I247.7/G2021] | 在馆 |